000 00490cam a2200181 4500
001 4359
005 20230410143237.0
008 060907n1974 dr spa
020 _a8433903357
035 _9funglode4391
041 _aES
050 1 4 _aE56 E1972
100 _aEnzensberger, Hans Magnus
245 1 _aElementos para una teoría de los medios de comunicación /
_cHans Magnus Enzensberger
260 _aBarcelona :
_bAnagrama,
_c1972
300 _a74 p.
942 _2lcc
_cbk
999 _c97998
_d97998